| 000 | 00856cam a2200289 a 4500 | ||
|---|---|---|---|
| 001 | 6722 | ||
| 003 | BD-RjUL | ||
| 005 | 20211208234311.0 | ||
| 008 | 140112r19671966nyua 001 0 eng d | ||
| 035 | _aMITb10471320 | ||
| 035 | _a(BD-RjUL)6763 | ||
| 035 | _aGLIS00471320 | ||
| 040 |
_aDLC _cDLC _dMCL _dBD-RjUL _beng |
||
| 041 | _aeng | ||
| 082 |
_219 _a519.5 _bHOE 1967 |
||
| 100 | 1 |
_aHoel, Paul G., _d1905-2000. _921141 |
|
| 245 | 1 | 0 |
_aElementary statistics / _cPaul G. Hoel. |
| 250 | _a2d ed. | ||
| 260 |
_aNew York : _bWiley, _cc1966 [Printing 1967] |
||
| 300 |
_aix, 351 p. : _bill. ; _c24 cm. |
||
| 490 | 1 | _aWiley series in probability and mathematical statistics | |
| 504 | _aIncludes index | ||
| 650 | 0 |
_aStatistics. _921142 |
|
| 830 | 0 |
_aWiley series in probability and mathematical statistics. _9156888 |
|
| 942 |
_2ddc _cBK |
||
| 949 | _aMYGD | ||
| 999 |
_c6722 _d6722 |
||